000 00416nam a22001457a 4500
020 _a 9780071167918
040 _cNust
082 _a621.3815284
_bISI
100 _aYannis P. Tsividis
_9127585
245 _aOperation and Modelling of the MOS Transistor
250 _a2nd edition
260 _aBoston :
_bMcGraw-Hill,
_c1999.
650 _aOperation and Modelling of the MOS Transistor
_9127586
942 _2ddc
_cBK
999 _c612669
_d612669